| 000 | 00478nam a22001217a 4500 | ||
|---|---|---|---|
| 999 |
_c21548 _d21548 |
||
| 008 | 240912b ||||| |||| 00| 0 eng d | ||
| 100 |
_aRemigio, Winnie D. _eauthor. _960816 |
||
| 245 |
_aReport on a school paper advisers seminar/workshop / _cWinnie D. Remigio. |
||
| 260 |
_aPhilippines; _bPublishers Association of the Philippines, Inc., _cJanuary 2020. |
||
| 300 |
_aVolume 168, pages 280, _billustration. |
||
| 700 |
_aRemigio, Winnie D. _eauthor. _960816 |
||
| 942 |
_2ddc _cPER |
||